000 00328nam a2200145 i 4500
001 bg
100 1 _aORZECHOWSKI, Z.
245 0 _aMechanika płynów /
_cZ. Orzechowski.
250 _aWyd.3 popr.
260 _aŁódź,
_c1975.
040 _cBPK
041 _apol
942 _cKS
008 s pl f |000 0 pol
999 _c16183
_d16183
856 _uhttp://koha.tu.koszalin.pl/cgi-bin/koha/opac-detail.pl?biblionumber=16183
_yKatalog online BPK